|
|
|
|
| LEADER |
00000nab a2200000 a 4500 |
| 001 |
vtls011581037 |
| 003 |
SK-MaSNL |
| 005 |
20260318114142.0 |
| 008 |
160922c2016 xo br p 000 c0ukr |
| 015 |
|
|
|a SNBRB2016/09
|
| 038 |
|
|
|a SVKPOCL
|
| 040 |
|
|
|a SVKPOCL
|b slo
|c SVKPOCL
|e AACR2
|
| 041 |
0 |
|
|a ukr
|
| 044 |
|
|
|a xo
|c SK
|
| 080 |
|
|
|a 80(=161.2)+908(477)
|2 2011
|
| 080 |
|
|
|a 80(=16)+908(4)
|2 2011
|
| 080 |
|
|
|a 323.15(=161.2)(477)
|2 2011
|
| 080 |
|
|
|a 314.15-026.49
|2 2011
|
| 080 |
|
|
|a 323.22-051
|2 2011
|
| 080 |
|
|
|a 655.41
|2 2011
|
| 080 |
|
|
|a (093.3)
|2 2011
|
| 080 |
|
|
|a 070.447
|2 2011
|
| 080 |
|
|
|a (477)
|2 2011
|
| 080 |
|
|
|a (430)
|2 2011
|
| 080 |
|
|
|a (44)
|2 2011
|
| 100 |
1 |
|
|a Nevrlý, Mikuláš,
|d 1916-2019
|4 aut
|9 196318
|
| 245 |
1 |
0 |
|a Ščodennyky žertvennoji borot'by
|c Mykola Nevrlyj
|
| 500 |
|
|
|a V rubrike Recenziji
|
| 500 |
|
|
|a Nevrlyj, Mykola pozri Nevrlý, Mikuláš
|
| 500 |
|
|
|a N. Ks'ondzyk je autor úvodného slova recenzovanej knihy
|
| 610 |
2 |
7 |
|a Smoloskyp (vydavateľstvo : Kyjev, Ukrajina)
|2 svkpocl
|9 1517329
|
| 648 |
|
7 |
|a 1948-1949
|2 svkpocl
|9 290949
|
| 648 |
|
7 |
|a 1967-1968
|2 svkpocl
|9 311321
|
| 648 |
|
7 |
|a 1971-1976
|2 svkpocl
|9 574865
|
| 650 |
0 |
7 |
|a Ukrajinci
|2 svkpocl
|9 19025
|
| 650 |
0 |
7 |
|a slavistika
|2 svkpocl
|9 4282
|
| 650 |
0 |
7 |
|a ukrajinistika
|2 svkpocl
|9 51200
|
| 650 |
0 |
7 |
|a emigrácia
|2 svkpocl
|9 3822
|
| 650 |
0 |
7 |
|a disidenti
|2 svkpocl
|9 4745
|
| 650 |
0 |
7 |
|a nakladateľstvá a vydavateľstvá
|2 svkpocl
|9 2789
|
| 651 |
|
7 |
|a Ukrajina
|2 svkpocl
|9 168045
|
| 651 |
|
7 |
|a Nemecko
|2 svkpocl
|9 21020
|
| 651 |
|
7 |
|a Francúzsko
|2 svkpocl
|9 15907
|
| 651 |
|
7 |
|a Kyjev (Ukrajina)
|2 svkpocl
|9 30606
|
| 655 |
|
7 |
|a denníky
|2 svkpocl
|9 70534
|
| 655 |
|
7 |
|a recenzie
|2 svkpocl
|9 21907
|
| 700 |
1 |
|
|a Ks'ondzyk, N.
|4 aui
|9 1625584
|
| 773 |
0 |
|
|t Duklja
|g Rik vydannja 64, No 4 (2016), s. 86
|x 0419-8131
|
| 787 |
0 |
8 |
|i Rec.: Zinkevyč, Osyp Stepanovyč, 1925-
|t Ščodennyk
|d Kyjiv : Smoloskyp, 2016
|z 9286177173358
|
| 852 |
|
|
|a SVKPO
|b KIS3GCP
|
| 958 |
|
|
|a UK
|
| 958 |
|
|
|a SK
|
| 958 |
|
|
|a UA
|
| 958 |
|
|
|a RC
|
| 958 |
|
|
|a SS
|
| 958 |
|
|
|a DE
|
| 958 |
|
|
|a FR
|
| 999 |
|
|
|c 3352792
|d 3354722
|